Catálogo público

Ecosechas / (Record no. 218983)

MARC details
000 -CABECERA
campo de control de longitud fija 03271nam a2200649 a 4500
003 - IDENTIFICADOR DEL NÚMERO DE CONTROL
campo de control CHAP
005 - FECHA Y HORA DE LA ÚLTIMA TRANSACCIÓN
campo de control 20230623180239.0
007 - CAMPO FIJO DE DESCRIPCIÓN FÍSICA--INFORMACIÓN GENERAL
campo de control de longitud fija ta
008 - DATOS DE LONGITUD FIJA--INFORMACIÓN GENERAL
campo de control de longitud fija 230622s2014 mx ab||fr|||| 001 0 spa d
020 ## - NÚMERO INTERNACIONAL ESTÁNDAR DEL LIBRO
Número Internacional Estándar del Libro 978-1-934151-71-6 (v. 2 )
020 ## - NÚMERO INTERNACIONAL ESTÁNDAR DEL LIBRO
Número Internacional Estándar del Libro 978-1-934151-72-3 (v. 3)
020 ## - NÚMERO INTERNACIONAL ESTÁNDAR DEL LIBRO
Número Internacional Estándar del Libro 978-1-934151-73-0 (v. 4)
020 ## - NÚMERO INTERNACIONAL ESTÁNDAR DEL LIBRO
Número Internacional Estándar del Libro 978-1-934151-74-7 (v. 5)
020 ## - NÚMERO INTERNACIONAL ESTÁNDAR DEL LIBRO
Número Internacional Estándar del Libro 978-1-934151-75-4 (v. 6)
020 ## - NÚMERO INTERNACIONAL ESTÁNDAR DEL LIBRO
Número Internacional Estándar del Libro 978-1-934151-76-1 (v.7)
020 ## - NÚMERO INTERNACIONAL ESTÁNDAR DEL LIBRO
Número Internacional Estándar del Libro 978-1-934151-77-8 (v. 8)
020 ## - NÚMERO INTERNACIONAL ESTÁNDAR DEL LIBRO
Número Internacional Estándar del Libro 978-1-934151-78-5 (v. 9)
020 ## - NÚMERO INTERNACIONAL ESTÁNDAR DEL LIBRO
Número Internacional Estándar del Libro 978-1-934151-79-2 (v. 10)
020 ## - NÚMERO INTERNACIONAL ESTÁNDAR DEL LIBRO
Número Internacional Estándar del Libro 978-1-934151-80-8 (v. 11)
020 ## - NÚMERO INTERNACIONAL ESTÁNDAR DEL LIBRO
Número Internacional Estándar del Libro 978-1-934151-81-5 (v. 12)
020 ## - NÚMERO INTERNACIONAL ESTÁNDAR DEL LIBRO
Número Internacional Estándar del Libro 978-1-934151-82-2 (v. 13)
020 ## - NÚMERO INTERNACIONAL ESTÁNDAR DEL LIBRO
Número Internacional Estándar del Libro 978-1-934151-83-9 (v. 14)
020 ## - NÚMERO INTERNACIONAL ESTÁNDAR DEL LIBRO
Número Internacional Estándar del Libro 978-1-914151-85-3 (v. 15)
020 ## - NÚMERO INTERNACIONAL ESTÁNDAR DEL LIBRO
Número Internacional Estándar del Libro 978-1-934151-86-0 (v. 16)
040 ## - FUENTE DE LA CATALOGACIÓN
Centro catalogador/agencia de origen mxchpua
Centro/agencia transcriptor CHAP
Normas de descripción rda
090 ## - LOCALMENTE ASIGNADO TIPO-LC NÚMERO DE CLASIFICACIÓN (OCLC); NÚMERO DE CLASIFICACIÓN LOCAL (RLIN)
Número de clasificación (OCLC) (R) ; Numero de clasificación, CALL (RLIN) (NR) F
Número cutter local (OCLC) ; Número de libro/Signatura topográfica íntegra, CALL (RLIN) 2279 2014
245 10 - MENCIÓN DE TÍTULO
Título Ecosechas /
Mención de responsabilidad, etc. coordinación Cesar M. Velázquez Hernández
250 ## - MENCIÓN DE EDICIÓN
Mención de edición 1a edición
264 ## - PRODUCCIÓN, PUBLICACIÓN, DISTRIBUCIÓN, FABRICACIÓN Y COPYRIGHT
Producción, publicación, distribución, fabricación y copyright México :
Nombre del de productor, editor, distribuidor, fabricante Conservation International México,
Fecha de producción, publicación, distribución, fabricación o copyright 2014
300 ## - DESCRIPCIÓN FÍSICA
Extensión v :
Otras características físicas ilustraciones, mapas
336 ## - TIPO DE CONTENIDO
Término de tipo de contenido texto
Código de tipo de contenido txt
Fuente rdacontent
337 ## - TIPO DE MEDIO
Nombre/término del tipo de medio sin medio
Código del tipo de medio n
Fuente rdamedia
338 ## - TIPO DE SOPORTE
Nombre/término del tipo de soporte volumen
Código del tipo de soporte nc
Fuente rdacarrier
490 ## - MENCIÓN DE SERIE
Mención de serie Gestión de proyectos sustentables en cuencas prioritarias de la región sierra - costa de Chiapas (Conservation International México)
505 ## - NOTA DE CONTENIDO CON FORMATO
Nota de contenido con formato V.2 Los proyectos sustentables y sus función en las cuencas. --<br/>V.3 La organización social como eje de los proyectos sustentables -- <br/>V.4 Dando forma a nuestra propuesta: el diseño técnico y financiero de proyectos --<br/>V.5 Diseño comercial, planes de mercadeo y negociación --<br/>V.6 Formación de empresas sociales y su capitalización --<br/>V.7 Café bajo sombra o sustentable --<br/>V.8 Cacao: el fruto de los dioses guía para la producción sustentable --<br/>V.9 Turismo alternativo y umas --<br/>V.10 Ganadería silvopastoril y apicultura orgánica --<br/>V.11 La comercialización y mercadeo en turismo alternativo --<br/>V.12 Comercialización de umas --<br/>V.13 Comercialización y planes de mercado en café sustentable --<br/>V.14 Cacao: comercialización y planes de mercadeo --<br/>V.15 Comercialización y planes de mercadeo en ganadería silvopastoral --<br/>V.16 Comercialización y planes de mercado en apicultura orgánica
650 13 - PUNTO DE ACCESO ADICIONAL DE MATERIA--TÉRMINO DE MATERIA
9 (RLIN) 44604
Término de materia o nombre geográfico como elemento de entrada Ganadería
650 13 - PUNTO DE ACCESO ADICIONAL DE MATERIA--TÉRMINO DE MATERIA
9 (RLIN) 16918
Término de materia o nombre geográfico como elemento de entrada Cacao
650 13 - PUNTO DE ACCESO ADICIONAL DE MATERIA--TÉRMINO DE MATERIA
9 (RLIN) 17085
Término de materia o nombre geográfico como elemento de entrada Café
650 13 - PUNTO DE ACCESO ADICIONAL DE MATERIA--TÉRMINO DE MATERIA
9 (RLIN) 6241
Término de materia o nombre geográfico como elemento de entrada Apicultura
650 13 - PUNTO DE ACCESO ADICIONAL DE MATERIA--TÉRMINO DE MATERIA
9 (RLIN) 187463
Término de materia o nombre geográfico como elemento de entrada Agroturismo
650 13 - PUNTO DE ACCESO ADICIONAL DE MATERIA--TÉRMINO DE MATERIA
9 (RLIN) 148031
Término de materia o nombre geográfico como elemento de entrada Iniciativa empresarial
650 13 - PUNTO DE ACCESO ADICIONAL DE MATERIA--TÉRMINO DE MATERIA
9 (RLIN) 74925
Término de materia o nombre geográfico como elemento de entrada Mercados
650 13 - PUNTO DE ACCESO ADICIONAL DE MATERIA--TÉRMINO DE MATERIA
9 (RLIN) 2010
Término de materia o nombre geográfico como elemento de entrada Agricultura sustentable
650 13 - PUNTO DE ACCESO ADICIONAL DE MATERIA--TÉRMINO DE MATERIA
9 (RLIN) 32083
Término de materia o nombre geográfico como elemento de entrada Desarrollo sustentable
650 13 - PUNTO DE ACCESO ADICIONAL DE MATERIA--TÉRMINO DE MATERIA
9 (RLIN) 144276
Término de materia o nombre geográfico como elemento de entrada Animal husbandry
650 13 - PUNTO DE ACCESO ADICIONAL DE MATERIA--TÉRMINO DE MATERIA
9 (RLIN) 24278
Término de materia o nombre geográfico como elemento de entrada Cocoa
650 13 - PUNTO DE ACCESO ADICIONAL DE MATERIA--TÉRMINO DE MATERIA
9 (RLIN) 185335
Término de materia o nombre geográfico como elemento de entrada Coffee (beverage)
650 13 - PUNTO DE ACCESO ADICIONAL DE MATERIA--TÉRMINO DE MATERIA
9 (RLIN) 147737
Término de materia o nombre geográfico como elemento de entrada Apiculture
650 13 - PUNTO DE ACCESO ADICIONAL DE MATERIA--TÉRMINO DE MATERIA
9 (RLIN) 187464
Término de materia o nombre geográfico como elemento de entrada Agritourism
650 13 - PUNTO DE ACCESO ADICIONAL DE MATERIA--TÉRMINO DE MATERIA
9 (RLIN) 148030
Término de materia o nombre geográfico como elemento de entrada Entrepreneurship
650 13 - PUNTO DE ACCESO ADICIONAL DE MATERIA--TÉRMINO DE MATERIA
9 (RLIN) 186708
Término de materia o nombre geográfico como elemento de entrada Markets
650 13 - PUNTO DE ACCESO ADICIONAL DE MATERIA--TÉRMINO DE MATERIA
9 (RLIN) 158765
Término de materia o nombre geográfico como elemento de entrada Sustainable agriculture
650 13 - PUNTO DE ACCESO ADICIONAL DE MATERIA--TÉRMINO DE MATERIA
9 (RLIN) 161518
Término de materia o nombre geográfico como elemento de entrada Sustainable development
700 1# - PUNTO DE ACCESO ADICIONAL--NOMBRE DE PERSONA
9 (RLIN) 187465
Nombre de persona Velázquez Hernández, César M.
Término indicativo de función/relación coordinador
830 ## - PUNTO DE ACCESO ADICIONAL DE SERIE-TÍTULO UNIFORME
9 (RLIN) 187462
Título uniforme Gestión de proyectos sustentables en cuencas prioritarias de la región sierra - costa de Chiapas (Conservation International México)
942 ## - ELEMENTOS DE PUNTO DE ACCESO ADICIONAL (KOHA)
Fuente del sistema de clasificación o colocación Clasificación Universidad Autónoma Chapingo
Tipo de ítem Koha
Holdings
Estado de retiro Estado de pérdida Fuente del sistema de clasificación o colocación Estado dañado Restricciones de uso No para préstamo Código de colección Localización permanente Ubicación/localización actual Fecha de adquisición Fuente de adquisición Enumeración/cronología de publicación seriada Número de inventario Total de préstamos Signatura topográfica completa Código de barras Fecha visto por última vez Número de copia Precio válido a partir de Tipo de ítem Koha
    Clasificación Universidad Autónoma de Chapingo   Préstamo interno   Folletos Ingenieria Agroindustrial Ingenieria Agroindustrial 15/06/2023 Donación Volumen: 2 Donación   F 2279 2014 1104014872 23/06/2023 Ej. 1 23/06/2023 Folleto
    Clasificación Universidad Autónoma de Chapingo   Préstamo interno   Folletos Ingenieria Agroindustrial Ingenieria Agroindustrial 15/06/2023 Donación Volumen: 3 Donación   F 2279 2014 1104014873 23/06/2023 Ej. 1 23/06/2023 Folleto
    Clasificación Universidad Autónoma de Chapingo   Préstamo interno   Folletos Ingenieria Agroindustrial Ingenieria Agroindustrial 15/06/2023 Donación Volumen: 4 Donación   F 2279 2014 1104014874 23/06/2023 Ej. 1 23/06/2023 Folleto
    Clasificación Universidad Autónoma de Chapingo   Préstamo interno   Folletos Ingenieria Agroindustrial Ingenieria Agroindustrial 15/06/2023 Donación Volumen: 5 Donación   F 2279 2014 1104014875 23/06/2023 Ej. 1 23/06/2023 Folleto
    Clasificación Universidad Autónoma de Chapingo   Préstamo interno   Folletos Ingenieria Agroindustrial Ingenieria Agroindustrial 15/06/2023 Donación Volumen: 6 Donación   F 2279 2014 1104014876 23/06/2023 Ej. 1 23/06/2023 Folleto
    Clasificación Universidad Autónoma de Chapingo   Préstamo interno   Folletos Ingenieria Agroindustrial Ingenieria Agroindustrial 15/06/2023 Donación Volumen: 7 Donación   F 2279 2014 1104014877 23/06/2023 Ej. 1 23/06/2023 Folleto
    Clasificación Universidad Autónoma de Chapingo   Préstamo interno   Folletos Ingenieria Agroindustrial Ingenieria Agroindustrial 15/06/2023 Donación Volumen: 8 Donación   F 2279 2014 1104014878 23/06/2023 Ej. 1 23/06/2023 Folleto
    Clasificación Universidad Autónoma de Chapingo   Préstamo interno   Folletos Ingenieria Agroindustrial Ingenieria Agroindustrial 15/06/2023 Donación Volumen: 9 Donación   F 2279 2014 1104014879 23/06/2023 Ej. 1 23/06/2023 Folleto
    Clasificación Universidad Autónoma de Chapingo   Préstamo interno   Folletos Ingenieria Agroindustrial Ingenieria Agroindustrial 15/06/2023 Donación Volumen: 10 Donación   F 2279 2014 1104014880 23/06/2023 Ej. 1 23/06/2023 Folleto
    Clasificación Universidad Autónoma de Chapingo   Préstamo interno   Folletos Ingenieria Agroindustrial Ingenieria Agroindustrial 15/06/2023 Donación Volumen: 11 Donación   F 2279 2014 1104014881 23/06/2023 Ej. 1 23/06/2023 Folleto
    Clasificación Universidad Autónoma de Chapingo   Préstamo interno   Folletos Ingenieria Agroindustrial Ingenieria Agroindustrial 15/06/2023 Donación Volumen: 12 Donación   F 2279 2014 1104014882 23/06/2023 Ej. 1 23/06/2023 Folleto
    Clasificación Universidad Autónoma de Chapingo   Préstamo interno   Folletos Ingenieria Agroindustrial Ingenieria Agroindustrial 15/06/2023 Donación Volumen: 13 Donación   F 2279 2014 1104014883 23/06/2023 Ej. 1 23/06/2023 Folleto
    Clasificación Universidad Autónoma de Chapingo   Préstamo interno   Folletos Ingenieria Agroindustrial Ingenieria Agroindustrial 15/06/2023 Donación Volumen: 14 Donación   F 2279 2014 1104014884 23/06/2023 Ej. 1 23/06/2023 Folleto
    Clasificación Universidad Autónoma de Chapingo   Préstamo interno   Folletos Ingenieria Agroindustrial Ingenieria Agroindustrial 15/06/2023 Donación Volumen: 15 Donación   F 2279 2014 1104014885 23/06/2023 Ej. 1 23/06/2023 Folleto
    Clasificación Universidad Autónoma de Chapingo   Préstamo interno   Folletos Ingenieria Agroindustrial Ingenieria Agroindustrial 15/06/2023 Donación Volumen: 16 Donación   F 2279 2014 1104014886 23/06/2023 Ej. 1 23/06/2023 Folleto